Die zehn größten Städte nach Hemisphäre - Statistiken

Allgemein
  • Dieses Quiz wurde 89 mal gespielt
  • Das Durchschnittsergebnis liegt bei 31 aus 40
Antworten auf der Karte
Die Antworten werden auf der Karte rot bzw. grün angezeigt, abhängig davon wie oft sie richtig erraten wurden.
 
Antwortstatistiken
Hemisphere Population City % Korrekt
Northwest 23.0 Mio. Mexiko-Stadt
100%
Northwest 14.8 Mio. London
99%
Northwest 17.7 Mio. Los Angeles
99%
Northwest 22.1 Mio. New York
99%
Northeast 19.8 Mio. Peking
97%
Northeast 24.8 Mio. Seoul
97%
Southeast 5.30 Mio. Sydney
97%
Northeast 40.4 Mio. Tokio
97%
Northeast 21.0 Mio. Kairo
96%
Northwest 9.75 Mio. Chicago
95%
Southeast 4.98 Mio. Melbourne
88%
Southwest 4.00 Mio. Brasília
87%
Southwest 16.4 Mio. Buenos Aires
87%
Northeast 25.1 Mio. Mumbai
87%
Northwest 7.85 Mio. San Francisco
87%
Northeast 33.6 Mio. Shanghai
87%
Southeast 13.9 Mio. Johannesburg
86%
Northwest 8.55 Mio. Washington D.C.
86%
Southwest 10.1 Mio. Lima
84%
Northeast 25.7 Mio. Manila
84%
Southwest 13.2 Mio. Rio de Janeiro
84%
Southwest 7.20 Mio. Santiago
84%
Northwest 9.60 Mio. Bogotá
83%
Northwest 7.75 Mio. Boston
83%
Southwest 22.4 Mio. São Paulo
83%
Southeast 31.3 Mio. Jakarta
82%
Northwest 7.45 Mio. Toronto
80%
Northeast 30.3 Mio. Delhi
78%
Southeast 5.90 Mio. Nairobi
75%
Northeast 20.2 Mio. Dhaka
64%
Northeast 46.7 Mio. Guangzhou
64%
Southeast 8.15 Mio. Luanda
63%
Southeast 12.4 Mio. Kinshasa
61%
Southwest 5.00 Mio. Belo Horizonte
57%
Southeast 6.45 Mio. Dar es Salaam
46%
Southwest 3.80 Mio. Recife
37%
Southwest 3.68 Mio. Fortaleza
36%
Southwest 4.13 Mio. Porto Alegre
33%
Southeast 6.95 Mio. Bandung
25%
Southeast 6.10 Mio. Surabaya
21%
Keine übereinstimmenden Quizze gefunden
Verteilung der Resultate
Anzahl Personen mit jedem Resultat
Perzentil nach korrekt beantworteten Fragen
Ihre Resultats-Entwicklung
Sie haben dieses Quiz noch nicht gespielt